| 000 -LEADER |
| fixed length control field |
00412nam a22001577a 4500 |
| 008 - FIXED-LENGTH DATA ELEMENTS--GENERAL INFORMATION |
| fixed length control field |
200124b ||||| |||| 00| 0 eng d |
| 082 00 - DEWEY DECIMAL CLASSIFICATION NUMBER |
| Classification number |
621.74 |
| Item number |
B4631 |
| 100 ## - MAIN ENTRY--PERSONAL NAME |
| 9 (RLIN) |
1070 |
| Personal name |
Benedict, Otis. |
| 245 10 - TITLE STATEMENT |
| Title |
Manual of Foundry and pattern shop practice |
| 250 ## - EDITION STATEMENT |
| Edition statement |
1st |
| 260 ## - PUBLICATION, DISTRIBUTION, ETC. (IMPRINT) |
| Place of publication, distribution, etc |
New York |
| Name of publisher, distributor, etc |
McGraw-Hil |
| Date of publication, distribution, etc |
1947 |
| 300 ## - PHYSICAL DESCRIPTION |
| Extent |
x,361p. |
| 365 ## - TRADE PRICE |
| Unit of pricing |
18.00 |
| 650 #0 - SUBJECT ADDED ENTRY--TOPICAL TERM |
| Topical term or geographic name as entry element |
Pattern Making |
| 942 ## - ADDED ENTRY ELEMENTS (KOHA) |
| Item type |
Books |